000 01154cam a2200277 4500
001 ABS67096
008 030917n2003 000 0 eng u
035 _a(Sirsi) u123654
100 _aEdwards, M.
245 _aInherited problems
260 _c2003
490 _aEstates Gazette
_v(0335) 30 August 2003, 82(1)
520 _aDiscusses two planning cases: "Buckinghamshire CC v North West Estates plc" ([2003] EWCA Civ 719, [2003] PLSCS 120), which highlights limitations for challenging enforcement notices and stressed the importance of complying with strict time limits; and "Pound v Ashford BC" ([2003] EWHC 1088 (Ch), [2003] PLSCS 117), which considers the failure to list a building and the question of compensation.
590 _aABS
650 _aBUCKINGHAMSHIRE CC V NORTH WEST ESTATES PLC
650 _aPOUND V ASHFORD BC
650 _aENFORCEMENT NOTICES
650 _aLIMITATION
650 _aTIME LIMITS
650 _aCOMPENSATION
650 _aLOCAL LAND CHARGES ACT 1975
650 _aTOWN AND COUNTRY PLANNING ACT 1990 S171(B)(3)
690 _aPlanning and development
_96259
700 _aMartin, J.
942 _n0
999 _c73431
_d73431